Estadísticas para Países con el Mayor Número de Hablantes Árabes

Haz click aquí para tomar la prueba!

Estadísticas generales

  • Esta prueba ha sido tomada 3.277 veces
  • La puntuación promedio es 8 de 10

Estadísticas de respuestas

#%País% Correcto
17 millón56Arabia Saudita
97%
82 millón93Egipto
94%
23 millón66Irak
90%
25 millón74Marruecos
89%
30 millón72Argelia
87%
21 millón92Siria
83%
15 millón55Yemen
80%
11 millón98Túnez
74%
5.1 millón67Jordania
71%
28 millón70Sudán
70%

Distribución de puntuación

Porcentaje por número respondido

Porcentaje de gente con cada puntuación

Historial de tus puntuaciones

No has tomado esta prueba